[Event "FIDE World Youth U16 Chess Olympiad SLOVAKIA 2016"]
[Site "Poprad Tatry SLOVAKIA"]
[Date "2016.07.28"]
[Round "8"]
[Board "2"]
[White "Dedebas, Emre Emin"]
[Black "Asadli, Vugar"]
[Result "0-1"]
[WhiteElo "2108"]
[BlackElo "2411"]
[PlyCount "128"]
[EventDate "2016.07.22"]
[EventType "team"]
[EventRounds "9"]
[EventCountry "SVK"]
[WhiteTeam "Turkey"]
[BlackTeam "Azerbaijan"]

1. d4 Nf6 2. c4 e6 3. Nf3 d5 4. Nc3 Be7 5. Qc2 O-O 6. Bg5 dxc4 7. e3 Nbd7 8.
Bxc4 a6 9. a4 c5 10. O-O cxd4 11. Nxd4 h6 12. Bh4 Qc7 13. Be2 Bd6 14. Bg3 Bxg3
15. hxg3 b6 16. Bf3 Bb7 17. Rac1 Bxf3 18. Nxf3 Rac8 19. Rfd1 Qb7 20. Qb3 Rfd8
21. Qa3 Nc5 22. a5 Rxd1+ 23. Nxd1 Rd8 24. axb6 Qxb6 25. Nc3 Ng4 26. Na4 Nxa4
27. Qxa4 Nxe3 28. Ra1 Nf5 29. g4 Ne7 30. Qxa6 Qxb2 31. Re1 Qb4 32. Qa7 Ng6 33.
Qc7 Rd3 34. Ra1 Qxg4 35. Ra8+ Kh7 36. Qxf7 Rd1+ 37. Kh2 Qf4+ 38. Qxf4 Nxf4 39.
Ra2 Kg6 40. g3 Nd5 41. Re2 Kf6 42. Kg2 h5 43. Re4 g5 44. Nd4 Nc7 45. f4 g4 46.
Ne2 Ne8 47. Re5 Ng7 48. Nc3 Rd2+ 49. Kg1 Rd3 50. Ne4+ Ke7 51. Kf2 Rf3+ 52. Kg2
Nf5 53. Rxe6+ Kxe6 54. Ng5+ Kf6 55. Nxf3 gxf3+ 56. Kxf3 Nh6 57. Kg2 Ng4 58. Kh3
Kf5 59. Kh4 Kg6 60. Kh3 Kh6 61. Kh4 Nf2 62. g4 Nxg4 63. Kg3 Kg6 64. Kh4 Nf6 0-1

[Event "FIDE World Youth U16 Chess Olympiad SLOVAKIA 2016"]
[Site "Poprad Tatry SLOVAKIA"]
[Date "2016.07.28"]
[Round "8"]
[Board "3"]
[White "Gadimbayli, Abdulla"]
[Black "Can, Isik"]
[Result "1/2-1/2"]
[WhiteElo "2316"]
[BlackElo "2103"]
[PlyCount "160"]
[EventDate "2016.07.22"]
[EventType "team"]
[EventRounds "9"]
[EventCountry "SVK"]
[WhiteTeam "Azerbaijan"]
[BlackTeam "Turkey"]

1. e4 e5 2. Nc3 Nf6 3. g3 d5 4. exd5 Nxd5 5. Bg2 Nxc3 6. bxc3 Nc6 7. Nf3 Bc5 8.
O-O O-O 9. Re1 Bb6 10. d3 Re8 11. Nd2 f6 12. Nb3 Na5 13. Be3 Nxb3 14. axb3 c6
15. Bxb6 Qxb6 16. d4 Bf5 17. dxe5 fxe5 18. Re3 Re7 19. Qe2 Rae8 20. Ra4 Bg6 21.
Be4 Bf7 22. Bd3 Qc5 23. Rh4 g6 24. Bc4 Bd5 25. Rhe4 Qd6 26. Rh4 Qc5 27. Qe1 b5
28. Bd3 a5 29. c4 bxc4 30. Bxc4 Rf7 31. Bd3 Ref8 32. c4 e4 33. Bxe4 Bxe4 34.
Rhxe4 Rxf2 35. Qxf2 Rxf2 36. Kxf2 Kg7 37. Re7+ Kh6 38. Kg2 Qd4 39. R7e4 Qd2+
40. Re2 Qd6 41. Re5 Qd3 42. R5e3 Qd6 43. Ra2 Kg7 44. Rf3 Qd1 45. Raf2 Qd7 46.
h3 h5 47. Rf8 Qe7 48. R8f4 Qe6 49. Kh2 Qe7 50. R4f3 Qe6 51. Ra2 Qd6 52. Re2 Qd7
53. Rfe3 Kf7 54. Re5 Qc7 55. Kg2 Kf6 56. Re6+ Kf7 57. R6e5 Kf6 58. R5e3 Qd6 59.
Ra2 Kg7 60. Rf3 Qd1 61. Rb2 Qe1 62. Rff2 Qe3 63. Rf3 Qe1 64. Rbf2 Qe4 65. Kh2
Qe7 66. Ra2 Qe1 67. Raf2 Qe7 68. Rf4 Qd7 69. Kg2 Kg8 70. g4 hxg4 71. Rxg4 Kh7
72. Kh2 Qd6+ 73. Rg3 Kg7 74. Rfg2 Qe5 75. h4 Kh7 76. Kh3 Qf5+ 77. Rg4 Kh6 78.
Kh2 Qe5+ 79. Kh1 Qe1+ 80. Rg1 Qf2 1/2-1/2

[Event "FIDE World Youth U16 Chess Olympiad SLOVAKIA 2016"]
[Site "Poprad Tatry SLOVAKIA"]
[Date "2016.07.28"]
[Round "8"]
[Board "4"]
[White "Onur, Cigdem"]
[Black "Muradli, Mahammad"]
[Result "0-1"]
[WhiteElo "1791"]
[BlackElo "2325"]
[PlyCount "114"]
[EventDate "2016.07.22"]
[EventType "team"]
[EventRounds "9"]
[EventCountry "SVK"]
[WhiteTeam "Turkey"]
[BlackTeam "Azerbaijan"]

1. e4 c5 2. Nf3 d6 3. d4 cxd4 4. Nxd4 Nf6 5. Nc3 a6 6. Bg5 Nbd7 7. f4 Qc7 8.
Qf3 b5 9. O-O-O Bb7 10. Bd3 e6 11. Rhe1 Qb6 12. Bxf6 Nxf6 13. Qh3 O-O-O 14. Nb3
b4 15. Nd5 Nxd5 16. exd5 Bxd5 17. Bxa6+ Kb8 18. Bf1 g6 19. Qe3 Qxe3+ 20. Rxe3
Bg7 21. g3 h5 22. Be2 h4 23. g4 Rc8 24. Bf3 Bxf3 25. Rxf3 d5 26. Rdd3 Rc7 27.
Rf2 h3 28. Rff3 Rh4 29. Rg3 Rc4 30. Rdf3 Bh6 31. g5 Bg7 32. Rxh3 Rxh3 33. Rxh3
Rxf4 34. Nd2 Rf5 35. Rg3 Be5 36. Rg2 Bf4 37. h4 Be3 38. Kd1 Rf4 39. Ke2 Bd4 40.
b3 Rxh4 41. Kd3 e5 42. Ke2 e4 43. Nf1 Rh3 44. Rg3 Rxg3 45. Nxg3 Kc7 46. Kd2 Kd6
47. Ne2 Bb6 48. c3 bxc3+ 49. Nxc3 Ke5 50. b4 d4 51. Na4 Bd8 52. Nc5 Bxg5+ 53.
Kd1 d3 54. a4 Kd4 55. a5 e3 56. a6 e2+ 57. Ke1 Bh4+ 0-1

[Event "FIDE World Youth U16 Chess Olympiad SLOVAKIA 2016"]
[Site "Poprad Tatry SLOVAKIA"]
[Date "2016.07.28"]
[Round "8"]
[Board "1"]
[White "Antova, Gabriela"]
[Black "Havasi, Gergo"]
[Result "0-1"]
[WhiteElo "2292"]
[BlackElo "2372"]
[PlyCount "64"]
[EventDate "2016.07.22"]
[EventType "team"]
[EventRounds "9"]
[EventCountry "SVK"]
[WhiteTeam "Bulgaria"]
[BlackTeam "Hungary 1"]

1. d4 d5 2. c4 c6 3. Nc3 dxc4 4. e4 b5 5. a4 b4 6. Na2 Nf6 7. e5 Nd5 8. Bxc4 e6
9. Nf3 Be7 10. O-O O-O 11. Qe2 a5 12. Rd1 Ba6 13. b3 Nb6 14. Bd3 Ra7 15. Bd2
Bxd3 16. Qxd3 Rd7 17. Qc2 Nd5 18. Nc1 c5 19. Ne2 Rc7 20. Qd3 Nd7 21. Rac1 Qb8
22. Qe4 Rfc8 23. Nf4 Nxf4 24. Bxf4 Nb6 25. dxc5 Nd5 26. Bd2 Rxc5 27. Nd4 Nc3
28. Bxc3 bxc3 29. f4 Qb4 30. Qc2 Rd8 31. Nb5 Rd2 32. Qb1 c2 0-1

[Event "FIDE World Youth U16 Chess Olympiad SLOVAKIA 2016"]
[Site "Poprad Tatry SLOVAKIA"]
[Date "2016.07.28"]
[Round "8"]
[Board "2"]
[White "Kozak, Adam"]
[Black "Yordanov, Lachezar"]
[Result "1/2-1/2"]
[WhiteElo "2364"]
[BlackElo "2139"]
[PlyCount "80"]
[EventDate "2016.07.22"]
[EventType "team"]
[EventRounds "9"]
[EventCountry "SVK"]
[WhiteTeam "Hungary 1"]
[BlackTeam "Bulgaria"]

1. d4 d5 2. c4 c6 3. Nc3 Nf6 4. e3 a6 5. Qc2 e6 6. Bd3 Be7 7. Nf3 Nbd7 8. O-O
O-O 9. e4 dxe4 10. Nxe4 Nxe4 11. Bxe4 Nf6 12. Bd3 h6 13. b3 c5 14. Bb2 b6 15.
Rad1 cxd4 16. Bxd4 Qc7 17. Be5 Qc5 18. Bd4 Qc7 19. Qe2 Bb7 20. Ne5 Rad8 21. Qe3
Bc5 22. Bxc5 bxc5 23. Bb1 Rxd1 24. Rxd1 Rd8 25. Rxd8+ Qxd8 26. Qd3 Qxd3 27.
Bxd3 Kf8 28. f4 Ke7 29. g3 Nd7 30. Ng4 e5 31. Kf2 exf4 32. gxf4 Ke6 33. Ne3 Nf6
34. Nc2 a5 35. a3 Ng4+ 36. Kg3 f5 37. b4 axb4 38. axb4 cxb4 39. Nxb4 Nf6 40.
Kf2 g5 1/2-1/2

[Event "FIDE World Youth U16 Chess Olympiad SLOVAKIA 2016"]
[Site "Poprad Tatry SLOVAKIA"]
[Date "2016.07.28"]
[Round "8"]
[Board "3"]
[White "Salimova, Nurgyul"]
[Black "Marjanovics, Annamaria"]
[Result "0-1"]
[WhiteElo "2136"]
[BlackElo "2366"]
[PlyCount "128"]
[EventDate "2016.07.22"]
[EventType "team"]
[EventRounds "9"]
[EventCountry "SVK"]
[WhiteTeam "Bulgaria"]
[BlackTeam "Hungary 1"]

1. d4 f5 2. Bg5 g6 3. Nc3 Bg7 4. h4 h6 5. Bf4 Nf6 6. Qd3 d6 7. Qg3 Kf7 8. Qf3
Nc6 9. O-O-O d5 10. e3 a6 11. Nh3 Be6 12. Be2 b5 13. Rdg1 Qd7 14. Qg3 b4 15.
Nd1 Ne4 16. Qh2 Ke8 17. f3 Nd6 18. Ndf2 Na5 19. Nd3 Ndb7 20. Be5 Rg8 21. Bxg7
Rxg7 22. Qe5 Rg8 23. Nhf4 Bf7 24. Nxb4 Nc6 25. Nxc6 Qxc6 26. h5 g5 27. Ng6 Qd7
28. Bd3 Nd6 29. g4 fxg4 30. fxg4 Be6 31. Bf5 Nxf5 32. gxf5 Bxf5 33. Nxe7 Qxe7
34. Qxf5 Qf7 35. Qg4 Qd7 36. Qe2 Qe6 37. Qd3 Kd7 38. Re1 Qe4 39. Qa3 Rgf8 40.
Rhf1 Qe7 41. Qa4+ c6 42. Rxf8 Qxf8 43. Qb3 Kc7 44. Qd3 Qe7 45. e4 Kb7 46. e5
Rf8 47. Qb3+ Ka7 48. Qc3 Kb7 49. a4 g4 50. a5 Rf3 51. Qd2 Qe6 52. Qb4+ Kc8 53.
Qb6 g3 54. Qxa6+ Kd7 55. Qb7+ Kd8 56. Qb8+ Ke7 57. Rg1 Qf5 58. Qd6+ Kf7 59.
Qf6+ Qxf6 60. exf6 Kxf6 61. a6 Kg5 62. Rxg3+ Rxg3 63. a7 Rg1+ 64. Kd2 Ra1 0-1

[Event "FIDE World Youth U16 Chess Olympiad SLOVAKIA 2016"]
[Site "Poprad Tatry SLOVAKIA"]
[Date "2016.07.28"]
[Round "8"]
[Board "4"]
[White "Czupor, Attila"]
[Black "Popvasilev, Kaloyan"]
[Result "1-0"]
[WhiteElo "2275"]
[BlackElo "1890"]
[PlyCount "83"]
[EventDate "2016.07.22"]
[EventType "team"]
[EventRounds "9"]
[EventCountry "SVK"]
[WhiteTeam "Hungary 1"]
[BlackTeam "Bulgaria"]

1. e4 c5 2. Nf3 d6 3. d4 Nf6 4. Nc3 cxd4 5. Nxd4 Nc6 6. f3 e5 7. Nb3 Be7 8. Be3
O-O 9. Qd2 a5 10. Nd5 Nxd5 11. exd5 Nb8 12. a4 Nd7 13. Bb5 Qc7 14. O-O Nc5 15.
Nxc5 dxc5 16. f4 Bd6 17. Rae1 e4 18. f5 Bxh2+ 19. Kh1 Bg3 20. Re2 Qe5 21. Bxc5
Rd8 22. c4 Bxf5 23. Bd4 Qe7 24. Rxf5 Qh4+ 25. Kg1 Rd6 26. Qg5 Qh2+ 27. Kf1 Qh1+
28. Bg1 Bh2 29. Qe3 g6 30. Rf4 Bxf4 31. Qxf4 Rad8 32. Qh2 Qxh2 33. Bxh2 f5 34.
Bxd6 Rxd6 35. c5 Rd8 36. Rc2 Rc8 37. d6 Kf8 38. Ba6 Rb8 39. Bxb7 Rxb7 40. c6
Rb8 41. c7 Rc8 42. d7 1-0

[Event "FIDE World Youth U16 Chess Olympiad SLOVAKIA 2016"]
[Site "Poprad Tatry SLOVAKIA"]
[Date "2016.07.28"]
[Round "8"]
[Board "1"]
[White "Chen, Richard"]
[Black "Mesaros, Florian"]
[Result "1/2-1/2"]
[WhiteElo "2259"]
[BlackElo "2324"]
[PlyCount "74"]
[EventDate "2016.07.22"]
[EventType "team"]
[EventRounds "9"]
[EventCountry "SVK"]
[WhiteTeam "Canada"]
[BlackTeam "Austria"]

1. e4 c6 2. d4 d5 3. e5 Bf5 4. h4 h5 5. c4 e6 6. Nc3 Nd7 7. Nge2 Ne7 8. Nf4 Bg4
9. f3 Bf5 10. g4 hxg4 11. fxg4 Bh7 12. Be3 dxc4 13. Bxc4 Nd5 14. Nfxd5 cxd5 15.
Be2 Bb4 16. Bg5 Qb6 17. Qd2 Rc8 18. Rc1 O-O 19. a3 Bxc3 20. Rxc3 f6 21. exf6
Nxf6 22. Bxf6 Rxc3 23. Qxc3 Rxf6 24. Rf1 Rxf1+ 25. Kxf1 Qd8 26. g5 Be4 27. Bg4
Qf8+ 28. Ke2 Qf4 29. Bxe6+ Kh7 30. Qh3 Bg6 31. Qe3 Qxh4 32. Bxd5 Qg4+ 33. Kd2
Qf5 34. Bb3 Qa5+ 35. Kc1 Qc7+ 36. Kd2 Qa5+ 37. Kc1 Qc7+ 1/2-1/2

[Event "FIDE World Youth U16 Chess Olympiad SLOVAKIA 2016"]
[Site "Poprad Tatry SLOVAKIA"]
[Date "2016.07.28"]
[Round "8"]
[Board "2"]
[White "Horvath, Dominik"]
[Black "Bellissimo, Joseph F."]
[Result "0-1"]
[WhiteElo "2216"]
[BlackElo "2100"]
[PlyCount "106"]
[EventDate "2016.07.22"]
[EventType "team"]
[EventRounds "9"]
[EventCountry "SVK"]
[WhiteTeam "Austria"]
[BlackTeam "Canada"]

1. Nf3 Nf6 2. c4 e6 3. g3 d5 4. d4 Bb4+ 5. Bd2 Be7 6. Bg2 O-O 7. O-O c6 8. Qc2
b6 9. Rd1 Nbd7 10. b3 Ba6 11. a4 c5 12. Na3 Bb7 13. a5 a6 14. axb6 Qxb6 15. e3
Rfc8 16. Rdb1 a5 17. Rb2 Ne4 18. Be1 Bf6 19. Nb5 Bc6 20. Nc3 cxd4 21. exd4 Qc7
22. Qe2 Nxc3 23. Bxc3 dxc4 24. bxc4 a4 25. Nd2 Bxg2 26. Kxg2 Nb6 27. Ne4 Be7
28. c5 Nd5 29. Bd2 Qc6 30. Qf3 f5 31. Nc3 Bf6 32. Nxd5 Qxd5 33. Qxd5 exd5 34.
Rb4 Rxc5 35. Rbxa4 Rxa4 36. Rxa4 Rc4 37. Rxc4 dxc4 38. Bc3 Kf7 39. Kf3 Ke6 40.
Ke3 Kd5 41. f4 h6 42. h4 g6 43. Bb2 Bd8 44. Bc3 Bb6 45. Ba1 Ba5 46. Kf3 h5 47.
Bb2 c3 48. Ba3 Kxd4 49. Bc1 Kd3 50. Be3 c2 51. Bc1 Bd2 52. Ba3 c1=Q 53. Bxc1
Bxc1 0-1

[Event "FIDE World Youth U16 Chess Olympiad SLOVAKIA 2016"]
[Site "Poprad Tatry SLOVAKIA"]
[Date "2016.07.28"]
[Round "8"]
[Board "3"]
[White "Song, Ziyuan (sam)"]
[Black "Blohberger, Felix"]
[Result "1-0"]
[WhiteElo "2049"]
[BlackElo "2284"]
[PlyCount "123"]
[EventDate "2016.07.22"]
[EventType "team"]
[EventRounds "9"]
[EventCountry "SVK"]
[WhiteTeam "Canada"]
[BlackTeam "Austria"]

1. e4 c5 2. Nf3 d6 3. d4 cxd4 4. Nxd4 Nf6 5. Nc3 a6 6. Be3 e5 7. Nb3 Be7 8. f3
O-O 9. Qd2 Be6 10. O-O-O a5 11. Kb1 a4 12. Nc1 a3 13. b3 Ra5 14. g4 d5 15. g5
Nxe4 16. fxe4 d4 17. Qe1 Bb4 18. N1e2 Qc7 19. Bd2 Rc8 20. Qg3 dxc3 21. Be3 Bxb3
22. Bh3 Re8 23. axb3 a2+ 24. Ka1 Ba3 25. Bc1 Bxc1 26. Rxc1 Rc5 27. Rhd1 b5 28.
b4 Rc4 29. Rd3 Nc6 30. Bd7 Ra8 31. Bxc6 Qxc6 32. Rcd1 h5 33. gxh6 Qxh6 34. Rd8+
Rxd8 35. Rxd8+ Kh7 36. Qxe5 Rxb4 37. Qf5+ Qg6 38. Qh3+ Qh6 39. Qf5+ Qg6 40.
Qh3+ Qh6 41. Qxh6+ Kxh6 42. Nxc3 Rc4 43. Nxb5 Rxc2 44. Ra8 Kg6 45. Rxa2 Rxa2+
46. Kxa2 Kf6 47. Kb3 Ke5 48. Nc3 f5 49. Kc2 fxe4 50. Ne2 Kf5 51. Kd2 Kg4 52.
Ng1 Kf4 53. Ke2 e3 54. Kd3 g5 55. Ke2 g4 56. Kf1 Kg5 57. Kg2 Kh4 58. Ne2 Kg5
59. Kg3 Kh5 60. Nf4+ Kg5 61. Ng2 e2 62. Kf2 1-0

[Event "FIDE World Youth U16 Chess Olympiad SLOVAKIA 2016"]
[Site "Poprad Tatry SLOVAKIA"]
[Date "2016.07.28"]
[Round "8"]
[Board "4"]
[White "Schloffer, Jasmin-Denise"]
[Black "Talukdar, Rohan"]
[Result "0-1"]
[WhiteElo "2005"]
[BlackElo "2051"]
[PlyCount "60"]
[EventDate "2016.07.22"]
[EventType "team"]
[EventRounds "9"]
[EventCountry "SVK"]
[WhiteTeam "Austria"]
[BlackTeam "Canada"]

1. c4 Nf6 2. Nc3 g6 3. d4 Bg7 4. e4 d6 5. Nf3 O-O 6. Be2 e5 7. O-O Nc6 8. dxe5
Nxe5 9. Nxe5 dxe5 10. Bg5 h6 11. Be3 c6 12. Qc2 Qe7 13. f3 Nh5 14. Rad1 Nf4 15.
Kh1 Ne6 16. a3 Nd4 17. Qd2 Be6 18. Bxh6 Nxe2 19. Nxe2 Rfd8 20. Qc1 Bxh6 21.
Qxh6 Bxc4 22. Qe3 Rd6 23. Rfe1 Rad8 24. Rc1 Ba6 25. Nc3 Rd3 26. Qxa7 Rd2 27.
Qb6 Qg5 28. Rg1 Kg7 29. Nb1 Rh8 30. h3 Qg3 0-1

[Event "FIDE World Youth U16 Chess Olympiad SLOVAKIA 2016"]
[Site "Poprad Tatry SLOVAKIA"]
[Date "2016.07.28"]
[Round "8"]
[Board "1"]
[White "Bhat, Vishal"]
[Black "Gorcsi, Gabor"]
[Result "1-0"]
[WhiteElo "2107"]
[BlackElo "2263"]
[PlyCount "87"]
[EventDate "2016.07.22"]
[EventType "team"]
[EventRounds "9"]
[EventCountry "SVK"]
[WhiteTeam "Australia"]
[BlackTeam "Hungary 2"]

1. e4 c5 2. Nf3 e6 3. d4 cxd4 4. Nxd4 a6 5. Bd3 Qc7 6. c4 Nf6 7. Qe2 d6 8. Nc3
Nc6 9. Nxc6 bxc6 10. f4 e5 11. O-O Be7 12. Kh1 h5 13. h3 h4 14. Qf3 Nh5 15. Ne2
Bf6 16. Rb1 exf4 17. Bxf4 Be5 18. Bxe5 dxe5 19. b4 g5 20. b5 c5 21. b6 Qe7 22.
Bc2 g4 23. b7 Bxb7 24. Qxg4 Bc8 25. Ba4+ Kf8 26. Qg6 Be6 27. Bc6 Rd8 28. Rb7 f6
29. Rxe7 Kxe7 30. Rf5 Bxf5 31. Qxf5 Rd2 32. Kh2 Ng3 33. Nxg3 hxg3+ 34. Kxg3
Rg8+ 35. Kh4 Rdxg2 36. Qd7+ Kf8 37. Qd6+ Kg7 38. Qe7+ Kh6 39. Qxf6+ R2g6 40.
Qf7 R8g7 41. Qf3 Kh7 42. Be8 Rh6+ 43. Bh5 Re7 44. Qf5+ 1-0

[Event "FIDE World Youth U16 Chess Olympiad SLOVAKIA 2016"]
[Site "Poprad Tatry SLOVAKIA"]
[Date "2016.07.28"]
[Round "8"]
[Board "2"]
[White "Bohus, Adam"]
[Black "Cannon, David"]
[Result "1/2-1/2"]
[WhiteElo "2200"]
[BlackElo "2093"]
[PlyCount "93"]
[EventDate "2016.07.22"]
[EventType "team"]
[EventRounds "9"]
[EventCountry "SVK"]
[WhiteTeam "Hungary 2"]
[BlackTeam "Australia"]

1. d4 Nf6 2. c4 c5 3. d5 e5 4. Nc3 d6 5. e4 Be7 6. g3 O-O 7. Bg2 Nbd7 8. Nge2
Ne8 9. O-O a6 10. a4 b6 11. Be3 Rb8 12. Qd3 Bg5 13. f4 exf4 14. gxf4 Bh6 15.
Ng3 g6 16. Rae1 Nc7 17. Bd2 Bg7 18. e5 dxe5 19. f5 Ne8 20. Nce4 b5 21. Bg5 f6
22. Be3 bxc4 23. Qxc4 Rxb2 24. d6+ Kh8 25. fxg6 hxg6 26. Nxc5 Nxc5 27. Bxc5
Rxg2+ 28. Kxg2 Bb7+ 29. Kg1 Qd7 30. Rb1 Qc6 31. Rf2 Qd7 32. Rfb2 Bc6 33. Rb8
Kh7 34. Qxa6 Nxd6 35. Qd3 Rxb8 36. Rxb8 Qh3 37. Qf1 Qe6 38. Bxd6 Qxd6 39. Qh3+
Bh6 40. Rh8+ Kxh8 41. Qxh6+ Kg8 42. Qxg6+ Kf8 43. Qh6+ Ke8 44. Qg6+ Kd7 45.
Qh7+ Kc8 46. Qg8+ Kb7 47. Qb3+ 1/2-1/2

[Event "FIDE World Youth U16 Chess Olympiad SLOVAKIA 2016"]
[Site "Poprad Tatry SLOVAKIA"]
[Date "2016.07.28"]
[Round "8"]
[Board "3"]
[White "Chan, Luis"]
[Black "Pribelszky, Bence"]
[Result "0-1"]
[WhiteElo "1953"]
[BlackElo "2162"]
[PlyCount "122"]
[EventDate "2016.07.22"]
[EventType "team"]
[EventRounds "9"]
[EventCountry "SVK"]
[WhiteTeam "Australia"]
[BlackTeam "Hungary 2"]

1. d4 Nf6 2. c4 e6 3. Nc3 Bb4 4. e3 Bxc3+ 5. bxc3 b6 6. Bd3 Bb7 7. f3 d6 8. Ne2
O-O 9. e4 e5 10. O-O Nbd7 11. Be3 Re8 12. Qd2 c5 13. Rab1 Nf8 14. Ng3 Ng6 15.
d5 Bc8 16. Rbe1 h6 17. Nf5 Bxf5 18. exf5 Nf8 19. Bf2 Nh5 20. Re4 Nh7 21. Bh4
Qd7 22. g3 N5f6 23. Re2 Rab8 24. g4 a6 25. Rg2 Kf8 26. f4 exf4 27. Qxf4 Re5 28.
Qd2 Ne4 29. Qc2 Nhg5 30. Bxe4 Nxe4 31. Re1 Rbe8 32. Rge2 Ng5 33. Bxg5 Rxe2 34.
Rxe2 hxg5 35. Kf2 Rxe2+ 36. Qxe2 Qa4 37. Kg3 b5 38. cxb5 axb5 39. Qd2 f6 40. h4
gxh4+ 41. Kxh4 Qe4 42. Kg3 c4 43. Kh4 Qd3 44. Qf2 Qxc3 45. Qb6 Qe1+ 46. Kh3
Qh1+ 47. Kg3 Qe1+ 48. Kh3 Qc3+ 49. Kh4 Qe5 50. Kh3 c3 51. Qc6 Qe3+ 52. Kg2 Qc5
53. Qa8+ Kf7 54. Qb7+ Kg8 55. Qb8+ Kh7 56. Qe8 Qxd5+ 57. Kf2 Qd2+ 58. Kf3 Qh6
59. Qc8 Qh3+ 60. Ke2 Qxg4+ 61. Kd3 Qd1+ 0-1

[Event "FIDE World Youth U16 Chess Olympiad SLOVAKIA 2016"]
[Site "Poprad Tatry SLOVAKIA"]
[Date "2016.07.28"]
[Round "8"]
[Board "4"]
[White "Kovacs, Judit"]
[Black "Yao, Licia"]
[Result "1-0"]
[WhiteElo "2114"]
[BlackElo "1677"]
[PlyCount "69"]
[EventDate "2016.07.22"]
[EventType "team"]
[EventRounds "9"]
[EventCountry "SVK"]
[WhiteTeam "Hungary 2"]
[BlackTeam "Australia"]

1. Nf3 d5 2. c4 c6 3. d4 e6 4. Qc2 Nd7 5. g3 Ngf6 6. Bg2 Ne4 7. O-O Be7 8. b3
O-O 9. Ba3 Bxa3 10. Nxa3 Qe7 11. Qb2 Re8 12. Rfd1 f5 13. Nc2 Ndf6 14. Nce1 Bd7
15. Nd3 Kh8 16. Nfe5 Rac8 17. Re1 Ng5 18. f3 b6 19. Qd2 Nf7 20. e4 Qf8 21. Nf4
Kg8 22. exd5 exd5 23. cxd5 Nxe5 24. dxe5 g5 25. Ne6 Bxe6 26. Qxg5+ Kh8 27. dxe6
Nd5 28. Bh3 Ne7 29. Rad1 c5 30. Rd7 Rc6 31. Rd6 Rec8 32. Red1 b5 33. Qf6+ Kg8
34. Rxc6 Rxc6 35. Rd7 1-0

[Event "FIDE World Youth U16 Chess Olympiad SLOVAKIA 2016"]
[Site "Poprad Tatry SLOVAKIA"]
[Date "2016.07.28"]
[Round "8"]
[Board "1"]
[White "Bjerre, Jonas"]
[Black "Lin, Pin-Chen (gary)"]
[Result "1-0"]
[WhiteElo "2396"]
[BlackElo "2077"]
[PlyCount "41"]
[EventDate "2016.07.22"]
[EventType "team"]
[EventRounds "9"]
[EventCountry "SVK"]
[WhiteTeam "Denmark"]
[BlackTeam "Japan"]

1. e4 e6 2. d4 d5 3. Nd2 Nf6 4. e5 Nfd7 5. Bd3 c5 6. c3 Nc6 7. Ne2 cxd4 8. cxd4
f6 9. Nf4 Nxd4 10. Qh5+ Ke7 11. exf6+ Nxf6 12. Ng6+ hxg6 13. Qxh8 Kf7 14. O-O
e5 15. Nb3 Nxb3 16. axb3 Qb6 17. Bxg6+ Kxg6 18. Qxf8 Qe6 19. f4 exf4 20. Bxf4
Qf7 21. Qh8 1-0

[Event "FIDE World Youth U16 Chess Olympiad SLOVAKIA 2016"]
[Site "Poprad Tatry SLOVAKIA"]
[Date "2016.07.28"]
[Round "8"]
[Board "2"]
[White "Hiebert, Kenji"]
[Black "Olsen, Filip Boe"]
[Result "0-1"]
[WhiteElo "1860"]
[BlackElo "2263"]
[PlyCount "136"]
[EventDate "2016.07.22"]
[EventType "team"]
[EventRounds "9"]
[EventCountry "SVK"]
[WhiteTeam "Japan"]
[BlackTeam "Denmark"]

1. e4 c6 2. d4 d5 3. Nd2 dxe4 4. Nxe4 Bf5 5. Ng3 Bg6 6. Nh3 e6 7. Nf4 Bd6 8. c3
Nf6 9. Bc4 Nd5 10. Nxg6 hxg6 11. Qf3 Qf6 12. Qxf6 gxf6 13. Bd2 f5 14. Ne2 Nd7
15. h3 N7f6 16. Bd3 b5 17. a4 Nc7 18. Bf4 Bxf4 19. Nxf4 O-O 20. h4 b4 21. O-O
Rab8 22. Rab1 Ncd5 23. Ne2 Nb6 24. Ra1 Nbd7 25. c4 Rfd8 26. b3 a5 27. Rfd1 Nb6
28. f3 Rb7 29. Kf2 Re7 30. Bc2 Rde8 31. Nf4 Nbd7 32. Nd3 Kg7 33. Rd2 Rh8 34. g3
Rhe8 35. Rad1 e5 36. dxe5 Nxe5 37. Nxe5 Rxe5 38. Bd3 Nh5 39. Re2 Rxe2+ 40. Bxe2
Nxg3 41. Kxg3 Rxe2 42. Rd8 Re3 43. Ra8 Rxb3 44. Rxa5 Ra3 45. Rc5 Rxa4 46. Rxc6
Kf8 47. Rb6 Ke7 48. h5 gxh5 49. Kh4 Ra3 50. Rxb4 Rxf3 51. Kxh5 Kf6 52. Rb6+ Ke5
53. c5 Rc3 54. c6 f4 55. Kg4 f5+ 56. Kg5 f3 57. Rb5+ Ke4 58. Rxf5 Rxc6 59. Rf8
Re6 60. Kg4 Rg6+ 61. Kh3 Ke3 62. Kh2 f2 63. Re8+ Kf3 64. Rf8+ Ke2 65. Re8+ Kf1
66. Rf8 Rh6+ 67. Kg3 Kg1 68. Rxf2 Rg6+ 0-1

[Event "FIDE World Youth U16 Chess Olympiad SLOVAKIA 2016"]
[Site "Poprad Tatry SLOVAKIA"]
[Date "2016.07.28"]
[Round "8"]
[Board "3"]
[White "Kristensen, Bjarke Hautop"]
[Black "Otawa, Yuto"]
[Result "1-0"]
[WhiteElo "2124"]
[BlackElo "1889"]
[PlyCount "67"]
[EventDate "2016.07.22"]
[EventType "team"]
[EventRounds "9"]
[EventCountry "SVK"]
[WhiteTeam "Denmark"]
[BlackTeam "Japan"]

1. d4 Nf6 2. c4 e6 3. Nc3 c5 4. d5 exd5 5. cxd5 d6 6. e4 g6 7. f3 Bg7 8. Be3 a6
9. a4 Nbd7 10. Nge2 O-O 11. Ng3 h5 12. Be2 Ne8 13. O-O Rb8 14. Qd2 Nc7 15. Bg5
Bf6 16. Bxf6 Qxf6 17. f4 Re8 18. e5 dxe5 19. Nce4 Qg7 20. f5 Rf8 21. Bxh5 Ne8
22. fxg6 fxg6 23. Rxf8+ Nxf8 24. Bf3 Nd7 25. Qc3 b6 26. a5 bxa5 27. Rxa5 Qf8
28. Nxc5 Rb5 29. Rxb5 axb5 30. Ne6 Qh6 31. Qxc8 Qe3+ 32. Kf1 Qd3+ 33. Be2 Qb1+
34. Kf2 1-0

[Event "FIDE World Youth U16 Chess Olympiad SLOVAKIA 2016"]
[Site "Poprad Tatry SLOVAKIA"]
[Date "2016.07.28"]
[Round "8"]
[Board "4"]
[White "Osaka, Takuma"]
[Black "Nilssen, Ellen Fredericia"]
[Result "1-0"]
[WhiteElo "1888"]
[BlackElo "1881"]
[PlyCount "75"]
[EventDate "2016.07.22"]
[EventType "team"]
[EventRounds "9"]
[EventCountry "SVK"]
[WhiteTeam "Japan"]
[BlackTeam "Denmark"]

1. d4 e6 2. c4 d5 3. Nc3 Be7 4. cxd5 exd5 5. Bf4 c6 6. Qc2 Nf6 7. e3 Nbd7 8. h3
Nb6 9. Nf3 Be6 10. Bd3 h6 11. O-O Bd6 12. Ne2 Nh5 13. Bxd6 Qxd6 14. Rab1 O-O
15. b4 a6 16. Ne5 f5 17. Rfc1 Nd7 18. Ng6 Rf6 19. Nef4 Nxf4 20. Nxf4 g5 21.
Nxe6 Qxe6 22. Re1 Raf8 23. a4 Qd6 24. b5 axb5 25. axb5 c5 26. dxc5 Qxc5 27.
Rec1 b6 28. Qa2 Qd6 29. e4 fxe4 30. Bxe4 Rxf2 31. Qxd5+ Qxd5 32. Bxd5+ Kh8 33.
Rc7 Nc5 34. Re1 Rd2 35. Ree7 Rf1+ 36. Kxf1 Rd1+ 37. Ke2 Rxd5 38. Re8# 1-0

[Event "FIDE World Youth U16 Chess Olympiad SLOVAKIA 2016"]
[Site "Poprad Tatry SLOVAKIA"]
[Date "2016.07.28"]
[Round "8"]
[Board "1"]
[White "Beukema, Jasper"]
[Black "Stefansson, Vignir Vatnar"]
[Result "0-1"]
[WhiteElo "2163"]
[BlackElo "2171"]
[PlyCount "150"]
[EventDate "2016.07.22"]
[EventType "team"]
[EventRounds "9"]
[EventCountry "SVK"]
[WhiteTeam "Belgium"]
[BlackTeam "Iceland"]

1. e4 d5 2. exd5 Qxd5 3. Nc3 Qd6 4. d4 c6 5. Nf3 Bg4 6. g3 Bxf3 7. Qxf3 Qxd4 8.
Be3 Qd8 9. Rd1 Nd7 10. Bc4 e6 11. O-O Ngf6 12. Rfe1 Be7 13. Ne4 Nd5 14. Bd4 O-O
15. Bb3 Qc7 16. c4 N5f6 17. Bc2 Nxe4 18. Qxe4 g6 19. h4 Bf6 20. h5 e5 21. Be3
Bg7 22. g4 Rad8 23. hxg6 hxg6 24. g5 Rfe8 25. c5 Nf8 26. Bb3 Rxd1 27. Rxd1 Rd8
28. Rc1 Qe7 29. Qa4 a6 30. Qg4 Qd7 31. Qe4 Qf5 32. Qg2 Qd7 33. Qe4 Qh3 34. Qb4
Qc8 35. Qe4 Ne6 36. Bc4 Kf8 37. b4 Nf4 38. Bxf4 Rd4 39. Qe3 Rxf4 40. Be2 Rxb4
41. Rd1 Rd4 42. Rxd4 exd4 43. Qg3 Qe8 44. Bd3 Qe5 45. Qg4 Qe8 46. Qg3 Kg8 47.
Qg4 Qf8 48. Qd7 Qxc5 49. Qxb7 a5 50. Qc8+ Bf8 51. Qg4 Qd5 52. Be4 Qd6 53. Qf3
c5 54. Bd5 Qd7 55. Bc4 Qe7 56. Qd5 Kg7 57. Kf1 Qe6 58. Qxe6 fxe6 59. Bxe6 Be7
60. Ke2 Bxg5 61. Kd3 Kf6 62. Bd5 Ke5 63. Bf7 Kf5 64. Bd5 Be7 65. Be4+ Kf6 66.
Kc4 g5 67. Kd5 g4 68. Bd3 Bf8 69. Ke4 Kg5 70. Be2 Be7 71. Bc4 Kh4 72. Bf1 Bd6
73. Kd5 Bg3 74. fxg3+ Kxg3 75. Kxc5 Kf2 0-1